[Event "Titled Tuesday intern op 13th Feb Early"]
[Site "Chess.com INT"]
[Date "2024.02.13"]
[Round "10"]
[White "Han, Yichen"]
[Black "Silva Lucena, Cristian"]
[Result "1-0"]
[WhiteElo "2414"]
[BlackElo "2340"]
[PlyCount "79"]
[EventDate "2024.02.13"]
[EventType "swiss (blitz)"]
[EventRounds "11"]
[EventCountry "USA"]
[SourceTitle "CB08_2024"]
[SourceDate "2024.02.21"]
[SourceVersion "1"]
[SourceVersionDate "2024.02.21"]
[SourceQuality "1"]

1. d4 d5 2. c4 c6 3. cxd5 cxd5 4. Nc3 e5 5. dxe5 d4 6. Ne4 Qa5+ 7. Nd2 Nc6 8. g3 h5 9. h4 Nh6 10. Ngf3 Ng4 11. Bg2 Be6 12. 0-0 0-0-0 13. a3 Be7 14. Ne4 Ngxe5 15. Bf4 Ng4 16. b4 Qd5 17. Nfg5 Qb3 18. Nxe6 Qxd1 19. Rfxd1 fxe6 20. b5 e5 21. Bd2 Nb8 22. Rac1+ Kd7 23. Bh3 Ke8 24. Rc7 Rd7 25. Rdc1 Bxa3 26. Rc8+ Rd8 27. R1c7 Rf8 28. Rxd8+ Kxd8 29. Rxg7 Nd7 30. f3 Ngf6 31. Ng5 Re8 32. g4 hxg4 33. fxg4 e4 34. Bf4 Nd5 35. Bg3 d3 36. exd3 exd3 37. Nf3 Re2 38. g5 d2 39. Rxd7+ Ke8 40. Rxd5 1-0

[Event "Titled Tuesday intern op 13th Feb Early"]
[Site "Chess.com INT"]
[Date "2024.02.13"]
[Round "9"]
[White "Kacprzak, Kacper"]
[Black "Silva Lucena, Cristian"]
[Result "0-1"]
[WhiteElo "2280"]
[BlackElo "2340"]
[PlyCount "96"]
[EventDate "2024.02.13"]
[EventType "swiss (blitz)"]
[EventRounds "11"]
[EventCountry "USA"]
[SourceTitle "CB08_2024"]
[SourceDate "2024.02.21"]
[SourceVersion "1"]
[SourceVersionDate "2024.02.21"]
[SourceQuality "1"]

1. e4 c6 2. Nf3 d5 3. Nc3 Bg4 4. h3 Bxf3 5. Qxf3 e6 6. Be2 Nf6 7. 0-0 Be7 8. d3 d4 9. Nb1 c5 10. Qg3 0-0 11. f4 Nc6 12. Nd2 Re8 13. Nf3 c4 14. Kh1 Nb4 15. Ne1 cxd3 16. cxd3 Rc8 17. a3 Nc2 18. Nxc2 Rxc2 19. Bd1 Rc6 20. Bd2 Qb6 21. Ba4 Qxb2 22. Bxc6 bxc6 23. Ba5 Qb5 24. Bc7 Nd7 25. Rfb1 Qa6 26. a4 c5 27. f5 c4 28. dxc4 Qxc4 29. Rc1 Qa6 30. Rf1 exf5 31. Rxf5 f6 32. Rd5 Nc5 33. Qg4 Bf8 34. Re1 Nd3 35. Rf1 Nb4 36. Rb5 Qxa4 37. Qd7 Re7 38. Qc8 Qxb5 39. Rc1 Re8 40. Qg4 Nd3 41. Rf1 Ne5 42. Qf4 d3 43. Rd1 Qb3 44. Rd2 Qc4 45. Ba5 Bd6 46. Rd1 Qc2 47. Rd2 Qc1+ 48. Kh2 Nf3+ 0-1

[Event "Titled Tuesday intern op 13th Feb Late"]
[Site "Chess.com INT"]
[Date "2024.02.13"]
[Round "2"]
[White "Silva Lucena, Cristian"]
[Black "Riehle, Marco"]
[Result "1-0"]
[WhiteElo "2340"]
[BlackElo "2361"]
[PlyCount "51"]
[EventDate "2024.02.13"]
[EventType "swiss (blitz)"]
[EventRounds "11"]
[EventCountry "USA"]
[SourceTitle "CB08_2024"]
[SourceDate "2024.02.21"]
[SourceVersion "1"]
[SourceVersionDate "2024.02.21"]
[SourceQuality "1"]

1. Nf3 c5 2. e4 d6 3. d4 cxd4 4. Nxd4 Nf6 5. Nc3 g6 6. Be3 Bg7 7. f3 0-0 8. Qd2 a6 9. 0-0-0 Nbd7 10. Kb1 Nc5 11. g4 b5 12. h4 b4 13. Nd5 Nxd5 14. exd5 a5 15. h5 a4 16. hxg6 fxg6 17. Qh2 Rf7 18. Qxh7+ Kf8 19. Bh6 Ke8 20. Qg8+ Bf8 21. Qxg6 b3 22. Bxf8 bxa2+ 23. Kxa2 a3 24. b3 Qa5 25. Rh7 Qc3 26. Qxf7+ 1-0

[Event "Titled Tuesday intern op 13th Feb Early"]
[Site "Chess.com INT"]
[Date "2024.02.13"]
[Round "7"]
[White "Silva Lucena, Cristian"]
[Black "Seemann, Jakub"]
[Result "1-0"]
[WhiteElo "2340"]
[BlackElo "2439"]
[PlyCount "67"]
[EventDate "2024.02.13"]
[EventType "swiss (blitz)"]
[EventRounds "11"]
[EventCountry "USA"]
[SourceTitle "CB08_2024"]
[SourceDate "2024.02.21"]
[SourceVersion "1"]
[SourceVersionDate "2024.02.21"]
[SourceQuality "1"]

1. e4 e6 2. d4 d5 3. e5 c5 4. c3 Bd7 5. Nf3 a6 6. a4 cxd4 7. Nxd4 Nc6 8. Nxc6 Bxc6 9. Be3 Ne7 10. Nd2 Ng6 11. Nf3 Be7 12. Bd3 Qc7 13. Bd4 0-0 14. 0-0 b6 15. a5 bxa5 16. Re1 Rab8 17. Qd2 a4 18. Bxa6 Rfe8 19. Bd3 Nf8 20. h4 h6 21. Nh2 Bxh4 22. Ng4 Bg5 23. f4 Be7 24. Qe3 Rxb2 25. Qg3 Kh8 26. f5 exf5 27. Nxh6 Bc5 28. Nxf5 Bxd4+ 29. cxd4 Ng6 30. Nd6 Re6 31. Rf1 Be8 32. Bf5 Re7 33. Bxg6 Qa7 34. Qh4+ 1-0

[Event "Titled Tuesday intern op 06th Feb Early"]
[Site "Chess.com INT"]
[Date "2024.02.06"]
[Round "2"]
[White "Bolivar, Jeison"]
[Black "Silva Lucena, Cristian"]
[Result "0-1"]
[WhiteElo "2103"]
[BlackElo "2340"]
[PlyCount "62"]
[EventDate "2024.02.06"]
[EventType "swiss (blitz)"]
[EventRounds "11"]
[EventCountry "USA"]
[SourceTitle "CB07_2024"]
[SourceDate "2024.02.14"]
[SourceVersion "1"]
[SourceVersionDate "2024.02.14"]
[SourceQuality "1"]

1. e4 c6 2. Nf3 d5 3. d3 e6 4. Be2 Nf6 5. e5 Nfd7 6. d4 Be7 7. 0-0 c5 8. c3 Nc6 9. Re1 a6 10. a3 b5 11. Be3 Qb6 12. b4 cxd4 13. cxd4 Qd8 14. Bd3 Nb6 15. Nc3 Nc4 16. Bc1 Qb6 17. Ne2 Bd7 18. Rb1 a5 19. bxa5 Qxa5 20. Qb3 0-0 21. Rd1 Qa4 22. Bc2 Qxb3 23. Rxb3 Bxa3 24. Ng5 h6 25. Nf3 b4 26. Ne1 N6a5 27. Rb1 Bb5 28. Nd3 Bxc1 29. Nexc1 Na3 30. Rb2 Nxc2 31. Rxc2 Ba4 0-1

[Event "Titled Tuesday intern op 06th Feb Late"]
[Site "Chess.com INT"]
[Date "2024.02.06"]
[Round "4"]
[White "Silva Lucena, Cristian"]
[Black "Antonio, Jorge Carlos"]
[Result "1/2-1/2"]
[WhiteElo "2340"]
[BlackElo "2277"]
[PlyCount "158"]
[EventDate "2024.02.06"]
[EventType "swiss (blitz)"]
[EventRounds "11"]
[EventCountry "USA"]
[SourceTitle "CB07_2024"]
[SourceDate "2024.02.14"]
[SourceVersion "1"]
[SourceVersionDate "2024.02.14"]
[SourceQuality "1"]

1. d4 d5 2. c4 c6 3. Nf3 dxc4 4. e3 b5 5. a4 Qb6 6. axb5 cxb5 7. b3 c3 8. Nxc3 e6 9. Bxb5+ Bd7 10. Bxd7+ Nxd7 11. 0-0 Ngf6 12. Qd3 Bb4 13. Ra6 Qb7 14. Na2 Be7 15. Bd2 0-0 16. h3 e5 17. Nxe5 Nxe5 18. dxe5 Ne4 19. b4 Nxd2 20. Rd1 Ne4 21. Qe2 Rfd8 22. Rb1 Rac8 23. Ra3 Ng5 24. Qg4 Qe4 25. Qxe4 Nxe4 26. Rxa7 Kf8 27. b5 Nd2 28. Rb2 Nc4 29. Rb1 Nb6 30. Ra6 Rb8 31. Nc3 Rdc8 32. Ne4 Nc4 33. b6 Rc6 34. Nc3 Nxe5 35. Nd5 Bd8 36. Ra7 Bxb6 37. Ra6 Nd7 38. g3 Bd8 39. Rxb8 Nxb8 40. Ra8 Rc1+ 41. Kg2 Rb1 42. Ra7 f6 43. Ra4 Nc6 44. Ra8 Ne5 45. Rxd8+ Kf7 46. Rd6 Kg6 47. Rd8 Rb2 48. Ne7+ Kh6 49. Nf5+ Kg6 50. Ne7+ Kh6 51. Nf5+ Kg6 52. Nh4+ Kh6 53. Rd5 Nc4 54. Kf3 Ra2 55. g4 Nd2+ 56. Kg2 g6 57. Nf3 Ne4 58. g5+ Kg7 59. Rd7+ Kf8 60. gxf6 Rxf2+ 61. Kg1 Rxf3 62. Re7 Nxf6 63. Rxh7 Rxe3 64. Kg2 Kg8 65. Rc7 Re2+ 66. Kf3 Re5 67. Kf4 Rf5+ 68. Kg3 Nh5+ 69. Kg4 Nf4 70. Rc4 Rf7 71. Rc8+ Kg7 72. Rc4 Ne6 73. Rc6 Nf4 74. Rc4 Nh5 75. Rc6 Nf6+ 76. Kg5 Ne4+ 77. Kg4 Nf6+ 78. Kg5 Nh7+ 79. Kg4 Nf6+ 1/2-1/2

[Event "Titled Tuesday intern op 06th Feb Early"]
[Site "Chess.com INT"]
[Date "2024.02.06"]
[Round "1"]
[White "Silva Lucena, Cristian"]
[Black "Yoo, Christopher Woojin"]
[Result "0-1"]
[WhiteElo "2340"]
[BlackElo "2595"]
[PlyCount "50"]
[EventDate "2024.02.06"]
[EventType "swiss (blitz)"]
[EventRounds "11"]
[EventCountry "USA"]
[SourceTitle "CB07_2024"]
[SourceDate "2024.02.14"]
[SourceVersion "1"]
[SourceVersionDate "2024.02.14"]
[SourceQuality "1"]

1. e4 c6 2. d4 d5 3. e5 Bf5 4. h4 h5 5. Bd3 Bxd3 6. Qxd3 Qa5+ 7. b4 Qa6 8. Qb3 e6 9. Nc3 Qb6 10. a3 Qxd4 11. Nf3 Qg4 12. 0-0 Nd7 13. b5 c5 14. Ne2 c4 15. Qc3 Bc5 16. Be3 Ne7 17. Nf4 Nf5 18. Rae1 d4 19. Nxd4 Bxd4 20. Bxd4 Qxf4 21. Rd1 Qxh4 22. Qxc4 0-0 23. g3 Qg4 24. Rfe1 h4 25. Qc3 hxg3 0-1

[Event "Titled Tuesday intern op 23rd Jan Late"]
[Site "Chess.com INT"]
[Date "2024.01.23"]
[Round "2"]
[White "Silva Lucena, Cristian"]
[Black "Svicevic, Rastko"]
[Result "1-0"]
[WhiteElo "2325"]
[BlackElo "2121"]
[PlyCount "67"]
[EventDate "2024.01.23"]
[EventType "swiss (blitz)"]
[EventRounds "11"]
[EventCountry "USA"]
[SourceTitle "CB05_2024"]
[SourceDate "2024.01.31"]
[SourceVersion "1"]
[SourceVersionDate "2024.01.31"]
[SourceQuality "1"]

1. Nf3 d5 2. c4 d4 3. b4 g6 4. Bb2 Bg7 5. e3 e5 6. exd4 exd4 7. Bd3 Ne7 8. 0-0 0-0 9. h3 c5 10. b5 a6 11. a4 axb5 12. cxb5 b6 13. Na3 Bb7 14. Nc4 Nd7 15. Nd6 Bd5 16. Bc4 Ne5 17. Nxe5 Qxd6 18. Bxd5 Nxd5 19. Nc4 Qf4 20. d3 Rfe8 21. Re1 Rxe1+ 22. Qxe1 Nb4 23. Qe2 Rb8 24. a5 bxa5 25. b6 h5 26. Rxa5 Qf5 27. b7 Kh7 28. Ra8 Rxb7 29. Nd6 Qd5 30. Nxb7 Qxb7 31. Ra3 c4 32. dxc4 d3 33. Qd2 Bh6 34. Qc3 1-0

[Event "Titled Tuesday intern op 19th Dec Early"]
[Site "Chess.com INT"]
[Date "2023.12.19"]
[Round "2"]
[White "Silva Lucena, Cristian"]
[Black "Suyarov, Mukhammadzokhid"]
[Result "1-0"]
[WhiteElo "2323"]
[BlackElo "2359"]
[PlyCount "115"]
[EventDate "2023.12.19"]
[EventType "swiss (blitz)"]
[EventRounds "11"]
[EventCountry "USA"]
[SourceTitle "CB52_2023"]
[SourceDate "2023.12.27"]
[SourceVersion "1"]
[SourceVersionDate "2023.12.27"]
[SourceQuality "1"]

1. Nf3 Nf6 2. c4 g6 3. b3 Bg7 4. Bb2 0-0 5. g3 d6 6. d4 Nbd7 7. Bg2 e5 8. dxe5 Ng4 9. Nc3 Ngxe5 10. Nxe5 Nxe5 11. 0-0 Re8 12. Qd2 a5 13. Nb5 Nd7 14. Bxg7 Kxg7 15. Rad1 Nf6 16. a4 Qe7 17. Qd4 Rb8 18. Rfe1 b6 19. Rd2 Bb7 20. Bxb7 Rxb7 21. e3 Rd8 22. Red1 Kg8 23. f3 Nd7 24. e4 Nc5 25. Qc3 Rbb8 26. Nd4 Qd7 27. e5 Re8 28. exd6 Qxd6 29. Nb5 Qc6 30. Rd5 Re6 31. Nd4 Qe8 32. Nxe6 Nxe6 33. Re5 Qc6 34. Qe3 Re8 35. Re1 Qd6 36. f4 Rd8 37. f5 Nd4 38. Re8+ Rxe8 39. Qxe8+ Kg7 40. fxg6 hxg6 41. Qe3 Qf6 42. Kg2 Nc6 43. Rf1 Qb2+ 44. Rf2 Qa1 45. Qf3 Ne5 46. Qf6+ Kg8 47. Rd2 Kh7 48. Re2 Qd1 49. Qxe5 Qd3 50. Qe3 Qd6 51. Rf2 Qc6+ 52. Qf3 Qd6 53. Qxf7+ Kh6 54. Qf8+ Qxf8 55. Rxf8 Kg7 56. Rc8 Kf6 57. Rxc7 Ke5 58. Rc6 1-0

[Event "Titled Tuesday intern op 12th Dec Early"]
[Site "Chess.com INT"]
[Date "2023.12.12"]
[Round "1"]
[White "Fedoseev, Vladimir1"]
[Black "Silva Lucena, Cristian"]
[Result "1/2-1/2"]
[WhiteElo "2683"]
[BlackElo "2323"]
[PlyCount "199"]
[EventDate "2023.12.12"]
[EventType "swiss (blitz)"]
[EventRounds "11"]
[EventCountry "USA"]
[SourceTitle "CB51_2023"]
[SourceDate "2023.12.20"]
[SourceVersion "1"]
[SourceVersionDate "2023.12.20"]
[SourceQuality "1"]

1. e4 e5 2. Nf3 Nf6 3. Nxe5 Nxe4 4. Qe2 Qe7 5. Qxe4 d6 6. f4 dxe5 7. fxe5 f6 8. Nc3 Qxe5 9. Qxe5+ fxe5 10. Bc4 Bd6 11. d3 Nc6 12. Be3 Bd7 13. 0-0-0 0-0-0 14. Ne4 Rdf8 15. h3 h6 16. a3 Nd4 17. Rdf1 a6 18. Bxd4 exd4 19. Nxd6+ cxd6 20. Bf7 Kc7 21. Rf2 Bc6 22. Rhf1 Kb6 23. g4 a5 24. Kd2 a4 25. h4 Kc5 26. Rf5+ d5 27. h5 Rd8 28. Bg6 Rd7 29. Rf7 Rhd8 30. R1f4 Rxf7 31. Rxf7 Rd7 32. Rf8 Re7 33. Bf5 Kd6 34. c3 Kc5 35. Rc8 dxc3+ 36. bxc3 Kd6 37. Rd8+ Ke5 38. Ke3 Kf6+ 39. Kd4 Re2 40. Rf8+ Ke7 41. Rg8 Kf7 42. Rc8 Ra2 43. Rc7+ Kf6 44. Bg6 Rxa3 45. Rf7+ Ke6 46. Rxg7 Rb3 47. Bf5+ Kf6 48. Rg6+ Kf7 49. Rxh6 a3 50. Rh8 Ba4 51. g5 a2 52. g6+ Kf6 53. Rf8+ Ke7 54. Rf7+ Kd6 55. g7 a1Q 56. g8Q Qxc3+ 57. Ke3 Qe1+ 58. Kf4 Rb4+ 59. Kf3 Bd1+ 60. Kg2 Qe2+ 61. Kh3 Qf3+ 62. Qg3+ Qxg3+ 63. Kxg3 Bxh5 64. Rh7 Be2 65. Kf2 Bd1 66. Ke3 Kc5 67. d4+ Kc4 68. Rc7+ Kb3 69. Be6 Rb5 70. Rxb7 Rxb7 71. Bxd5+ Kc3 72. Bxb7 Bb3 73. Be4 Kb4 74. Bg6 Kb5 75. Ke4 Kc6 76. Ke5 Kc7 77. Bf5 Kd8 78. Be6 Bc2 79. Kd6 Bd1 80. Bd5 Be2 81. Bc6 Bd1 82. Be4 Be2 83. Bc6 Bd1 84. Bb5 Bc2 85. Bc4 Bd1 86. Kc5 Bc2 87. d5 Be4 88. d6 Bf3 89. Bd5 Bxd5 90. Kxd5 Kd7 91. Ke5 Kd8 92. Kd4 Ke8 93. Ke4 Kd8 94. Ke5 Kd7 95. Kd5 Kd8 96. Kc5 Kd7 97. Kd5 Kd8 98. Ke6 Ke8 99. d7+ Kd8 100. Kd6 1/2-1/2